00403nam a2200145Ia 4500008004100000020001500041041000800056082001600064100004000080245004600120250000600166260003900172300001300211650003300224210716s2003 xx 000 0 und d a8178080095 aeng a004.22 HEUV aHeuring, Vincent P;Jordan, Harry F. aComputer systems design and architecture. a1 aNew DelhibPearson Educationc2003 axvii,571 aComputer Arch., Org.(004.22)